000
00224nam a2200097Ia 4500
005
20251222114347.0
008
251222s1900||||xx |||||||||||||| ||spa||
082
_a
DVD0111/B94
245
0
_a
El cadáver de la novia:
942
_c
DVD
999
_c
1105
_d
1105